Hướng dẫn tự học CorelDRAW 11 bằng hình

Uloženo v:
Podrobná bibliografie
Hlavní autor: Trần, Văn Minh
Médium: Kniha
Jazyk:Undetermined
Vydáno: Hà Nội Thống Kê 2002
Témata:
Tagy: Přidat tag
Žádné tagy, Buďte první, kdo otaguje tento záznam!
Thư viện lưu trữ: Trung tâm Học liệu Trường Đại học Cần Thơ
LEADER 00632nam a2200217Ia 4500
001 CTU_54101
008 210402s9999 xx 000 0 und d
020 |b 52000 
020 |c 52000 
082 |a 006.68 
082 |b M312 
100 |a Trần, Văn Minh 
245 0 |a Hướng dẫn tự học CorelDRAW 11 bằng hình 
245 0 |c Trần Văn Minh 
260 |a Hà Nội 
260 |b Thống Kê 
260 |c 2002 
650 |a Coreldraw ( computer programs ),Computer graphics 
650 |x Computer programs 
904 |i Huỳnh Mai 
980 |a Trung tâm Học liệu Trường Đại học Cần Thơ